00264pam a2200109 a 4500020000500000041000500005082000800010100001600018245006800034260004100102300001100143 c h bRED aReddy, J.M. aDemand Eorecasting Methods Application CaseshTextual Documents aNew DelhibLight And Life Publishers a408/CB